European journal of law and economics
| Tipo de documento: | Electrónico Revista |
|---|---|
| Lenguaje: | Inglés |
| Publicado: |
Dordrecht [u.a.]
Springer Science + Business Media B.V.
1994-
Dordrecht [u.a.] Kluwer -2004 |
| En: | Año: 1994 |
| Acceso en línea: |
Volltext (Aggregator) Volltext (Frontdoor-Url) Volltext (Publisher) |
| Verificar disponibilidad: | HBZ Gateway |
| Servicio de pedido Subito: | Pedir ahora. |
| Volúmenes / Artículos: | Mostrar volumes / artículos. |
| Palabras clave: |
MARC
| LEADER | 00000cas a2200000 c 4500 | ||
|---|---|---|---|
| 001 | 270935509 | ||
| 003 | DE-627 | ||
| 005 | 20250709221728.0 | ||
| 007 | cr ||||||||||| | ||
| 008 | 990624c19949999ne z| p|o 0 |0eng c | ||
| 015 | |a 17,O11 |2 dnb | ||
| 016 | 7 | |a 019715617 |2 DE-101 | |
| 016 | 7 | |a 1478572-9 |2 DE-600 | |
| 022 | |a 1572-9990 | ||
| 024 | 8 | |a Hein-eurjlwec |q Identnummer | |
| 035 | |a (DE-627)270935509 | ||
| 035 | |a (DE-576)102668957 | ||
| 035 | |a (DE-599)ZDB1478572-9 | ||
| 035 | |a (OCoLC)1183386962 | ||
| 035 | |a (DE-He213)10657 | ||
| 040 | |a DE-627 |b ger |c DE-627 |e rakwb | ||
| 041 | |a eng | ||
| 044 | |c XA-NL | ||
| 082 | 0 | 4 | |a 340 |a 330 |a 360 |q DE-600 |
| 084 | |a 2 |2 ssgn | ||
| 084 | |a INTRECHT |q DE-1a |2 fid | ||
| 084 | |a 85.00 |2 bkl | ||
| 245 | 0 | 0 | |a European journal of law and economics |
| 264 | 3 | 1 | |a Dordrecht [u.a.] |b Springer Science + Business Media B.V. |c 1994- |
| 264 | 2 | 1 | |a Dordrecht [u.a.] |b Kluwer |c -2004 |
| 300 | |a Online-Ressource | ||
| 336 | |a Text |b txt |2 rdacontent | ||
| 337 | |a Computermedien |b c |2 rdamedia | ||
| 338 | |a Online-Ressource |b cr |2 rdacarrier | ||
| 362 | 0 | |a 1.1994 - | |
| 363 | 0 | 1 | |a 1 |i 1994 |
| 500 | |a Gesehen am 25.01.08 | ||
| 583 | 1 | |a Archivierung/Langzeitarchivierung gewährleistet |2 pdager |5 DE-101 | |
| 591 | |a HZV!URL-Änderung(23-07-02);C!URL-Änderung(11-03-05) | ||
| 650 | 7 | |8 1.1\x |a Rechtsökonomik |0 (DE-627)091385628 |0 (DE-2867)19213-2 |2 stw | |
| 650 | 7 | |8 1.2\x |a Verfassungsökonomik |0 (DE-627)091397308 |0 (DE-2867)11057-2 |2 stw | |
| 650 | 7 | |8 1.3\x |a Theorie |0 (DE-627)091394902 |0 (DE-2867)19073-6 |2 stw | |
| 650 | 7 | |8 1.4\x |a EU-Staaten |0 (DE-627)091358639 |0 (DE-2867)17983-5 |2 stw | |
| 655 | 7 | |a Zeitschrift |0 (DE-588)4067488-5 |0 (DE-627)10454466X |0 (DE-576)20917000X |2 gnd-content | |
| 776 | 1 | |x 0929-1261 | |
| 856 | 4 | 0 | |u https://ezb.ur.de/?1478572-9 |x Frontdoor-Url |7 1 |
| 856 | 4 | 0 | |u https://link.springer.com/journal/10657 |x Verlag |7 1 |
| 856 | 4 | 0 | |u https://heinonline.org |x Aggregator |7 1 |
| 912 | |a ZDB-1-SOJ | ||
| 912 | |a ZDB-2-COE | ||
| 912 | |a ZDB-52-LJL | ||
| 936 | b | k | |a 85.00 |j Betriebswirtschaft: Allgemeines |q SEPA |0 (DE-627)106420402 |
| 936 | s | n | |a REL-05001 |2 SKW |
| 951 | |a JT | ||
| ELC | |a 1 | ||
| LOK | |0 000 xxxxxcy a22 3n 4500 | ||
| LOK | |0 001 2805950321 | ||
| LOK | |0 003 DE-627 | ||
| LOK | |0 004 270935509 | ||
| LOK | |0 005 20240626165358 | ||
| LOK | |0 007 ccruuuuuuuuuuuu | ||
| LOK | |0 008 140705||||||||||||||||ger||||||| | ||
| LOK | |0 035 |a (DE-600)294025480 | ||
| LOK | |0 040 |a DE-21 |c DE-627 |d DE-21 | ||
| LOK | |0 092 |o k |p n |p p | ||
| LOK | |0 093 |e Volltext online u. Druckausg. |f Nationallizenz |g Kostenpflichtig | ||
| LOK | |0 852 |a DE-21 | ||
| LOK | |0 852 1 |9 00 | ||
| LOK | |0 85640 |u https://ezb.ur.de/detail.phtml?bibid=UBTUE&jour_id=2269 |x EZB | ||
| LOK | |0 85900 |8 1.1 |a 1 |i 1994 | ||
| LOK | |0 85910 |8 1.2 |a 14 |i 2002 | ||
| LOK | |0 866 |x Nationallizenz | ||
| LOK | |0 86630 |a 1.1994 - 14.2002 | ||
| LOK | |0 912 |a natli_springer | ||
| LOK | |0 935 |a cofz |a zezb | ||
| LOK | |0 938 |l Volltext online u. Druckausg. |8 0 | ||
| LOK | |0 938 |l Nationallizenz |8 1 | ||
| LOK | |0 938 |l Kostenpflichtig |8 2 | ||
| LOK | |0 939 |a 30-10-18 |b zez | ||
| LOK | |0 000 xxxxxcy a22 3n 4500 | ||
| LOK | |0 001 280595033X | ||
| LOK | |0 003 DE-627 | ||
| LOK | |0 004 270935509 | ||
| LOK | |0 005 20240412163404 | ||
| LOK | |0 007 ccruuuuuuuuuuuu | ||
| LOK | |0 008 140705||||||||||||||||ger||||||| | ||
| LOK | |0 035 |a (DE-600)294025499 | ||
| LOK | |0 040 |a DE-21 |c DE-627 |d DE-21 | ||
| LOK | |0 092 |o k |p p | ||
| LOK | |0 093 |e Volltext online u. Druckausg. |f Konsortiallizenz |g Kostenpflichtig | ||
| LOK | |0 852 |a DE-21 | ||
| LOK | |0 852 1 |9 00 | ||
| LOK | |0 85640 |u https://ezb.ur.de/detail.phtml?bibid=UBTUE&jour_id=2269 |x EZB | ||
| LOK | |0 85900 |8 1.1 |a 4 |i 1997 | ||
| LOK | |0 85910 |8 1.2 |a 38 |i 2014 | ||
| LOK | |0 866 |x Konsortium BaWü | ||
| LOK | |0 86630 |a 4.1997 - 38.2014 | ||
| LOK | |0 935 |a cofz |a zezb | ||
| LOK | |0 938 |l Volltext online u. Druckausg. |8 0 | ||
| LOK | |0 938 |l Konsortiallizenz |8 1 | ||
| LOK | |0 938 |l Kostenpflichtig |8 2 | ||
| LOK | |0 939 |a 30-10-18 |b zez | ||
| LOK | |0 000 xxxxxcy a22 3n 4500 | ||
| LOK | |0 001 2828929418 | ||
| LOK | |0 003 DE-627 | ||
| LOK | |0 004 270935509 | ||
| LOK | |0 005 20250211120752 | ||
| LOK | |0 007 ccruuuuuuuuuuuu | ||
| LOK | |0 008 141219||||||||||||||||ger||||||| | ||
| LOK | |0 035 |a (DE-600)308275810 | ||
| LOK | |0 040 |a DE-21 |c DE-627 |d DE-21 | ||
| LOK | |0 092 |o k |p p | ||
| LOK | |0 093 |e Volltext online u. Druckausg. |f Konsortiallizenz |g Kostenpflichtig | ||
| LOK | |0 852 |a DE-21 | ||
| LOK | |0 852 1 |9 00 | ||
| LOK | |0 85640 |u https://ezb.ur.de/detail.phtml?bibid=UBTUE&jour_id=2269 |x EZB | ||
| LOK | |0 85900 |8 1.1 |a 15 |i 2003 | ||
| LOK | |0 85910 |8 1.2 |a 48 |i 2019 | ||
| LOK | |0 866 |x Springer Landeslizenz BaWü | ||
| LOK | |0 86630 |a 15.2003 - 48.2019 | ||
| LOK | |0 912 |a springer_lbw | ||
| LOK | |0 935 |a cofz |a zezb | ||
| LOK | |0 938 |l Volltext online u. Druckausg. |8 0 | ||
| LOK | |0 938 |l Konsortiallizenz |8 1 | ||
| LOK | |0 938 |l Kostenpflichtig |8 2 | ||
| LOK | |0 939 |a 30-10-18 |b zez | ||
| LOK | |0 000 xxxxxcy a22 3n 4500 | ||
| LOK | |0 001 3424423890 | ||
| LOK | |0 003 DE-627 | ||
| LOK | |0 004 270935509 | ||
| LOK | |0 005 20240412141856 | ||
| LOK | |0 007 ccruuuuuuuuuuuu | ||
| LOK | |0 008 190420||||||||||||||||ger||||||| | ||
| LOK | |0 035 |a (DE-600)617263450 | ||
| LOK | |0 040 |a DE-21 |c DE-627 |d DE-21 | ||
| LOK | |0 092 |o n | ||
| LOK | |0 093 |e Volltext online u. Druckausg. |f Konsortiallizenz |g Kostenpflichtig | ||
| LOK | |0 852 |a DE-21 | ||
| LOK | |0 852 1 |9 00 | ||
| LOK | |0 85640 |u https://ezb.ur.de/detail.phtml?bibid=UBTUE&jour_id=2269 |x EZB | ||
| LOK | |0 85901 |8 1.1 |a 4 |i 1997 | ||
| LOK | |0 866 |x Übergangsvereinbarung DEAL | ||
| LOK | |0 86630 |a 4.1997,1 - | ||
| LOK | |0 935 |a cofz |a zezb | ||
| LOK | |0 938 |l Volltext online u. Druckausg. |8 0 | ||
| LOK | |0 938 |l Konsortiallizenz |8 1 | ||
| LOK | |0 938 |l Kostenpflichtig |8 2 | ||
| LOK | |0 939 |a 22-02-19 |b zez | ||
| LOK | |0 000 xxxxxcy a22 3n 4500 | ||
| LOK | |0 001 3670190848 | ||
| LOK | |0 003 DE-627 | ||
| LOK | |0 004 270935509 | ||
| LOK | |0 005 20240508173423 | ||
| LOK | |0 007 ccruuuuuuuuuuuu | ||
| LOK | |0 008 200523||||||||||||||||ger||||||| | ||
| LOK | |0 035 |a (DE-600)678128464 | ||
| LOK | |0 040 |a DE-21 |c DE-627 |d DE-21 | ||
| LOK | |0 092 |o k | ||
| LOK | |0 093 |e Volltext online u. Druckausg. |f Konsortiallizenz |g Kostenpflichtig | ||
| LOK | |0 852 |z Keine Lieferung an Document Delivery Systems | ||
| LOK | |0 852 |a DE-21 | ||
| LOK | |0 852 1 |9 00 | ||
| LOK | |0 85640 |u https://ezb.ur.de/detail.phtml?bibid=UBTUE&jour_id=2269 |x EZB | ||
| LOK | |0 85901 |8 1.1 |a 49 |i 2020 | ||
| LOK | |0 866 |x SpringerNature DEAL | ||
| LOK | |0 86630 |a 49.2020,1 - | ||
| LOK | |0 935 |a cofz |a zezb | ||
| LOK | |0 938 |l Volltext online u. Druckausg. |8 0 | ||
| LOK | |0 938 |l Konsortiallizenz |8 1 | ||
| LOK | |0 938 |l Kostenpflichtig |8 2 | ||
| LOK | |0 939 |a 07-05-20 |b zez | ||
| LOK | |0 000 xxxxxcy a22 3n 4500 | ||
| LOK | |0 001 4178979981 | ||
| LOK | |0 003 DE-627 | ||
| LOK | |0 004 270935509 | ||
| LOK | |0 005 20240718191204 | ||
| LOK | |0 007 ccruuuuuuuuuuuu | ||
| LOK | |0 008 220812||||||||||||||||ger||||||| | ||
| LOK | |0 035 |a (DE-600)789306883 | ||
| LOK | |0 040 |a DE-21 |c DE-627 |d DE-21 | ||
| LOK | |0 092 |o k |p n | ||
| LOK | |0 093 |e lokale Zeitschrift |f Einzellizenz |g Kostenpflichtig | ||
| LOK | |0 852 |a DE-21 | ||
| LOK | |0 852 1 |9 00 | ||
| LOK | |0 85640 |u https://ezb.ur.de/detail.phtml?bibid=UBTUE&jour_id=488932 |x EZB | ||
| LOK | |0 85901 |8 1.1 |a 1 |i 1994 | ||
| LOK | |0 859 |y -012M | ||
| LOK | |0 86630 |a 1.1994 - | ||
| LOK | |0 866 0 |z Die letzten 12 Monate sind nicht zugänglich | ||
| LOK | |0 935 |a cofz |a zezb | ||
| LOK | |0 938 |l lokale Zeitschrift |8 0 | ||
| LOK | |0 938 |l Einzellizenz |8 1 | ||
| LOK | |0 938 |l Kostenpflichtig |8 2 | ||
| LOK | |0 939 |a 06-07-22 |b zez | ||
| ORI | |a SA-MARC-krimdokb001.raw | ||
| SPR | |a 1 |t KRI | ||
